History Quiz

Random History or Art Quiz

Months by Illuminated Manuscript Page (slideshow) Quiz Stats

Quiz not verified by Sporcle

Challenge
Share
Tweet
Score 0/12 Timer 04:00
0 Plays Today
% Correct
January
87.5%
March
44.6%
September
44.1%
August
42.7%
November
42.7%
February
41%
May
40.5%
April
24.7%
July
24.7%
October
24.4%
June
21.7%
December
18.6%

You're not logged in!

Compare scores with friends on all Sporcle quizzes.
Sign Up with Email
OR
Log In

You Might Also Like...

Show Comments

Extras

Top Quizzes Today


Score Distribution

Your Account Isn't Verified!

In order to create a playlist on Sporcle, you need to verify the email address you used during registration. Go to your Sporcle Settings to finish the process.